00680 2200241 4500001002100000005001700021008004100038035002400079090001500103100002100118245007500139250001100214260004400225300002900269500003100298500001100329650002600340700002100366850001500387980001500402985000600417999001500423YOGYA-0209000003528920090227025007.0 ind  0010-020900000035289 a911bDic I aDicken, Samuel N aIntroduction to cultural geographycSamuel N. Dichen, Forrest R. Pitts aCet. 1 aTorontobXerox College Publishingc1970 axi, 493 hlmbilusc25 cm aBibliografi : hlm. 459-473 aIndeks aIlmu bumixKebudayaan aPitts, Farrest R aYOPDYOG(B) a20-09-2006 a1 ab000016352